00959nam a2200229 a 450000100100000000500170001000800410002702000150006804000250008308200150010810000420012324502290016526000440039430000340043850000220047250400380049465000460053265000440057870000290062270000330065170000450068400002150620200930011342.0100908s2001 mx a 001 0 spa d a9684445016 aDO-SdBNPbspacBNPHU a537bS487e1 aSerrano Domínguez, Víctor Gerardo10aElectricidad y magnetismo :bestrategias para la resolución de problemas y aplicaciones /cVíctor Serrano Domínguez, Graciela García Arana, Carlos Gutiérrez Aranzeta ; editado por José Luis Vázquez Chavarría. aMéxico :bPearson Educación,c2001. axvii, 545 p. :bil. ;c26 cm. aIncluye índice. aIncluye bibliografías [p. 541]. 4aElectricidadvPROBLEMAS, EJERCICIOS, ETC. 4aMagnetismovPROBLEMAS, EJERCICIOS, ETC.1 aGarcía Arana, Graciela1 aGutiérrez Aranzeta, Carlos1 aVásquez Chavarría, José Luis,eed.